• 首页
  • 本馆介绍
  • 公告通知
  • 最新文献
  • 馆藏检索
  • 电子资源
  • 读者导购
  • 参考咨询
  • 我的图书馆
  • 登录
  • 详细信息显示
  • 放入我的书架
  • 预约/预借图书
  • 作者相关作品
  • 分类相关作品
  • 丛书相关作品
  • 出版社相关作品

书目信息

  • 表格格式
  • 工作单格式
  • 卡片格式
题名:
美学与美育
    
 
作者: 王一川 主编
分册:  
出版信息: 北京   国家开放大学出版社  2021.1
页数: 272页
开本: 26cm
丛书名:
单 册:
中图分类: B83 , G40-014
科图分类:
主题词: 美学--mei xue--开放教育--教材 , 美育--mei yu--开放教育--教材
电子资源:
ISBN: 978-7-304-10708-6
000 00870nam0 2200277 450
001 2161456519
005 20211003084813.89
010    @a978-7-304-10708-6@dCNY34.00
100    @a20210513d2021 em y0chiy0120 ea
101 0  @achi
102    @aCN@b110000
105    @aa z 000yy
106    @ar
200 1  @a美学与美育@Amei xue yu mei yu@f王一川主编
205    @a3版
210    @a北京@c国家开放大学出版社@d2021.1
215    @a272页@c图@d26cm
300    @a开放教育融媒体教材
330    @a本书共分九章,对美学、美及其形态、美感、美育、形式美、艺术美、审美文化、青少年教育、教师美育等诸多问题作了全面而系统的论述。
606 0  @a美学@Amei xue@x开放教育@j教材
606 0  @a美育@Amei yu@x开放教育@j教材
690    @aB83@v5
690    @aG40-014@v5
701  0 @a王一川@Awang yi chuan@4主编
801  0 @aCN@b百万庄@c20210929
905    @b1302714-17@dB83@e406=3@f4
    
    美学与美育/王一川主编.-3版.-北京:国家开放大学出版社,2021.1
    272页:图;26cm
    开放教育融媒体教材
    
    ISBN 978-7-304-10708-6:CNY34.00
    本书共分九章,对美学、美及其形态、美感、美育、形式美、艺术美、审美文化、青少年教育、教师美育等诸多问题作了全面而系统的论述。
●
相关链接 在E读中查询图书 在五车中查询图书 在当当中查询图书 在豆瓣中查询图书


正题名:美学与美育     索取号:B83/406=3         预约/预借

序号 登录号 条形码 馆藏地/架位号 状态 备注
1 1302714   213027142   第一样本阅览室/ [索取号:B83/406=3] 在馆    
2 1302715   213027151   第一借阅区/ [索取号:B83/406=3] 在馆    
3 1302716   213027160   第一借阅区/ [索取号:B83/406=3] 在馆    
4 1302717   213027179   第一借阅区/ [索取号:B83/406=3] 在馆    
5 1357211   213572114   第一样本阅览室/ [索取号:B83/406=3] 在馆    
6 1357212   213572123   教育系资料室/ [索取号:B83/406=3] 在馆    
7 1357213   213572132   教育系资料室/ [索取号:B83/406=3] 在馆    
8 1357214   213572141   第一借阅区/ [索取号:B83/406=3] 在馆    
9 1357215   213572150   第一借阅区/ [索取号:B83/406=3] 在馆    
唐山师范学院图书馆 欢迎您!
大连网信软件有限公司© 版权所有